Представление документа в формате RUSMARC

ПолеНазваниеЗначение
  Тип записи a
  Библиографический уровень m
001 Контрольный номер RU/SLIB/B/208706898
005 Дата корректировки 20241102111826.5
010 Индекс ISBN __
d Цена 81-36
101 Язык документа 0_
a Язык текста rus
200 Заглавие и сведения об ответственности 0_
a Заглавие Акционерные общества
f Первые сведения об ответственности Могилевский С. Д.
b Общее обозначение материала Текст
210 Выходные данные 1_
a Место издания М.
c Издательство Дело
d Дата издания 1998
215 Физическое описание __
a Объем 536 с.
225 Серия 2_
a Серия Коммерческие организации: Комментарии. Практика. Нормативные акты
606 Тематические рубрики __
a Основная рубрика Право
606 Тематические рубрики __
a Основная рубрика Общая часть гражданского права
606 Тематические рубрики __
a Основная рубрика Экономика
606 Тематические рубрики __
a Основная рубрика Экономика отдельных типов и видов организации (предприятий, фирм)
610 Ключевые слова 0_
a Ключевые слова акционерные общества; коммерческие организации; нормативные акты
686 Индексы других классификаций __
2 Код системы rubbks
a Классификационный индекс 67.404.013.11(2Рос)
686 Индексы других классификаций __
a Классификационный индекс 65.292.34(2Рос)
700 Автор _1
a Фамилия Могилевский
b Имя С. Д.
4 Код отношения 070
801 Источник записи _0
a Страна RU
b Организация Муниципальное бюджетное учреждение культуры "Централизованная библиотечная система" г. Сургут (Центральная городская библиотека им. А. С. Пушкина)
g Правила каталогизации ОБ/Бутенко
801 Источник записи _1
a Страна RU
b Организация Муниципальное бюджетное учреждение культуры "Централизованная библиотечная система" г. Сургут (Центральная городская библиотека им. А. С. Пушкина)
g Правила каталогизации ОБ/Бутенко
852 Данные о местонахождении __
j Шифр хранения 67.404.013.11(2Рос)
c Каталожный индекс 67.404(2Рос); 65.291(2Рос)
i Авторский знак М 74
p Инвентарный номер 73517
901 Тип документа __
t Тип документа m
903 Характеристики (МАРС) __
a Дата передачи 19991018
990 Данные о заказе (DOS) 00
j Количество экземпляров (DOS) 1
t N записи в КСУ для И/У (DOS) 199901